[Event "Autumn Cup"]
[Site "Wellington Chess Club"]
[Date "2014.05.22"]
[Round "4"]
[White "Perry, Roger"]
[Black "Aldridge, Alan"]
[Result "1/2-1/2"]
[WhiteElo "2074"]
[BlackElo "1980"]

1. e4 c6 2. d4 d5 3. exd5 cxd5 4. c4 Nf6 5. Nc3 e6 6. Nf3 Be7 7. cxd5 exd5 8.
h3 O-O 9. Bd3 Nc6 10. O-O a6 11. Bf4 Re8 12. Re1 b5 13. a3 Bb7 14. b4 Rc8 15.
Qd2 Qd7 16. Rac1 Bf8 17. Ne5 Nxe5 18. Bxe5 Rc6 19. Bb1 a5 20. Qd3 g6 21. Qxb5
axb4 22. axb4 Rxc3 23. Qxd7 Nxd7 24. Rxc3 Bxb4 25. Rc7 Bxe1 26. Rxd7 Bc6 27.
Rd6 Re6 28. Rd8+ Re8 29. Rxe8+ Bxe8 30. Ba2 Bc6 31. g4 Kf8 32. g5 Ke7 33. Kg2
Bd2 34. h4 h6 35. Bf6+ Ke6 36. Kg3 hxg5 37. hxg5 Bb5 38. Bb1 Be2 39. Bc2 Bc3
1/2-1/2

[Event "Autumn Cup"]
[Site "Wellington Chess Club"]
[Date "2014.05.22"]
[Round "4"]
[White "Sellen, Ian"]
[Black "Ker, Anthony"]
[Result "0-1"]
[WhiteElo "2093"]
[BlackElo "2420"]

1. d4 d6 2. e4 Nf6 3. Nc3 g6 4. f4 Bg7 5. Nf3 c5 6. Bb5+ Bd7 7. e5 Ng4 8. e6
Bxb5 {very interesting position Anthony has played several times before}  (8...
fxe6 9. Ng5 Bxb5 10. Nxe6 Bxd4 (10... Qa5 11. Qxg4 Bd7 (11... Bxd4 12. Nxd4
cxd4 13. Qc8+ $18) 12. Nxg7+) 11. Nxb5 (11. Nxd8 Bf2+ {draw by perpetual} )
11... Qa5+ {slight advantage to white, double-edged position} ) 9. exf7+ Kd7 (
{Houdini and Rybka both prefer} 9... Kf8 10. Nxb5 Qa5+) 10. Nxb5 Qa5+ 11. Nc3
cxd4 12. Nxd4 Bxd4 13. Qxd4 Nc6 14. Qc4 Qb6 15. Qe2 h5 16. h3 Nh6 (16... Nd4
17. Qd3 Nf6 {doesn't really achieve anything} ) 17. Bd2 ( {the last time I
played this line was against Anthony in the Summer Cup 2013, when I played} 17.
Qd3 Nf5 18. Bd2 Nb4 19. Qe4 Ng3 20. Qxg6 Nxh1 21. O-O-O {which I went on to
win, the only time I have ever managed to beat Anthony. My postgame analysis
led me to try the Houdini recommended move this time } ) 17... Nf5 18. O-O-O
{Deliberately offering at least the exchange, but the compensation is worth
it.} 18... Ng3 19. Qd3 Nxh1 20. Rxh1 ( {My instinct was to sacrifice the whole
rook with} 20. Qxg6 Nf2 21. Re1 Raf8 22. f5 {, but at the last moment I
chickened out. It would have been ok though, probably better than the game} )
20... Raf8 21. Qxg6 Nd8 22. Re1 ( {slightly better was} 22. Qf5+ e6 23. Qd3
Nxf7 24. Ne4 Kc7 25. Bc3 Rhg8 26. Qc4+ Qc6 27. Qxe6)  (22. Nd5 Qc5 23. Qe4 Rxf7
24. f5 {is another try} ) 22... Rxf7 23. Nd5 {one move too late} 23... Qc5 (
23... Qd4 24. Nc3 Qg7 25. Qe4 $10) 24. Qg5 ( {Not the best.} 24. Qd3 e6 25. Nc3
Nc6 26. g4 {white has chances} ) 24... Rhh7 25. Be3 Qc6 26. Bxa7 {looks bad,
but possibly the best under the circumstances, and the computer gives this as
dead level} 26... Rhg7 27. Qxh5 Rxg2 28. Rxe7+ $4 {Lashing out in time trouble,
because I thought I was losing, but in actual fact it was quite even. The move
played loses pretty much immediately}  (28. Nb6+ Ke8 29. c3 e6 30. a4 $10)
28... Rxe7 29. Qf5+ Ne6 30. Nxe7 Kxe7 31. Qh7+ Rg7 32. Qh4+ {Painful} 0-1

[Event "Autumn Cup"]
[Site "Wellington Chess Club"]
[Date "2014.05.22"]
[Round "4"]
[White "Theodosiou, Andreas"]
[Black "Bennett, Ezra"]
[Result "1-0"]
[WhiteElo "1364"]
[BlackElo "935"]

1. d4 d5 2. c4 Nf6 3. Nc3 Nc6 4. Nf3 Bg4 5. cxd5 Nxd5 6. e4 Nxc3 7. bxc3 f5 8.
e5 Nxd4 9. cxd4 Bxf3 10. Qxf3 Qxd4 11. Rb1 Qxe5+ 12. Be2 Qe4 13. Qxe4 fxe4 14.
Rxb7 e6 15. f3 exf3 16. Bxf3 Bd6 17. Bb2 O-O 18. Ke2 Rfb8 19. Bd4 Rxb7 20. Bxb7
Rd8 21. Bxa7 Bb4 22. Be3 c5 23. Rc1 Rb8 24. Be4 Ba3 25. Bxc5 Bxc1 26. a4 Rb2+
27. Kd3 Bf4 28. a5 Ra2 29. Bb6 Bb8 30. Kc4 Rb2 31. Kc5 Ra2 32. Kc6 Ba7 33. Kb7
Rxa5 34. Bxa5 Be3 35. Kc6 Kf7 36. Bxh7 Kf6 37. Bc3+ e5 38. Kd6 Bf4 39. g3 g5
40. gxf4 gxf4 41. Bxe5+ Kg5 42. Kd5 Kg4 43. Ke4 Kh3 44. Bxf4 Kg4 45. Bf5+ Kh5
46. Bg3 Kg5 47. h4+ Kh5 48. Ke5 Kh6 49. Bg4 Kg6 50. Bf4 Kf7 51. h5 Kg7 52. h6+
Kh7 53. Bf5+ Kg8 54. Ke6 1-0

[Event "Autumn Cup"]
[Site "Wellington Chess Club"]
[Date "2014.05.22"]
[Round "4"]
[White "Tionko, Efrain"]
[Black "Stoeveken, Peter"]
[Result "1-0"]
[WhiteElo "1891"]
[BlackElo "1886"]

1. e4 e6 2. d3 Nc6 3. Nf3 d5 4. Nbd2 d4 5. g3 e5 6. Bg2 Bg4 7. O-O Bd6 8. Nc4
Nge7 9. a4 O-O 10. h3 Be6 11. Nxd6 Qxd6 12. Ng5 Bd7 13. f4 f6 14. Nf3 Ng6 15.
f5 Nh8 16. g4 Nb4 17. g5 fxg5 18. Nxg5 c5 19. c4 Nf7 20. h4 a6 21. Rf2 h6 22.
Nxf7 Rxf7 23. Bf3 Qf6 24. Rh2 Kf8 25. Qf1 Ke7 26. Bd2 Nc2 27. Ra2 Rg8 28. b3
Nb4 29. Bxb4 cxb4 30. Rag2 g5 31. hxg5 Rxg5 32. Rxg5 Qxg5+ 33. Rg2 Qe3+ 34. Kh1
b5 35. axb5 axb5 36. Qe2 Qc1+ 37. Rg1 Qc3 38. Qh2 Qxd3 39. Qxe5+ Kf8 40. Qd6+
Ke8 41. Rg8+ 1-0

[Event "Autumn Cup"]
[Site "Wellington Chess Club"]
[Date "2014.05.22"]
[Round "4"]
[White "Wight, Joshua"]
[Black "Sknar, Andrew"]
[Result "1-0"]
[WhiteElo "1267"]
[BlackElo "918"]

1. e4 e5 2. Nf3 Nc6 3. Bb5 f6 4. O-O a6 5. Bxc6 dxc6 6. d3 Bd6 7. b3 Ne7 8. Bb2
O-O 9. h3 f5 10. Nxe5 Bxe5 11. Bxe5 Ng6 12. Bb2 fxe4 13. dxe4 Qxd1 14. Rxd1 Be6
15. Nd2 Rfd8 16. Nf3 Rxd1+ 17. Rxd1 Nf4 18. Be5 Ne2+ 19. Kf1 h6 20. Kxe2 Rf8
21. Bxc7 Rc8 22. Bb6 Kf7 23. c4 Kf6 24. g4 h5 25. Nd4 hxg4 26. Nxe6 Kxe6 27.
hxg4 Ke5 28. Ke3 Rf8 29. f3 Rf4 30. Bc7+ 1-0

[Event "Autumn Cup"]
[Site "Wellington Chess Club"]
[Date "2014.05.22"]
[Round "4"]
[White "Wilkins, Mark"]
[Black "Timergazi, Layla"]
[Result "0-1"]
[WhiteElo "1957"]
[BlackElo "1898"]

1. d4 d5 2. c4 c6 3. Nf3 Nf6 4. e3 e6 5. Nc3 Nbd7 6. Bd3 dxc4 7. Bxc4 b5 8. Bd3
a6 9. O-O c5 10. b3 Bb7 11. Re1 Bd6 12. e4 cxd4 13. Nxd4 Be5 14. Be3 Nc5 15.
Bc2 b4 16. Nce2 Nfxe4 17. Nf3 Bxa1 18. Qxa1 O-O 19. Rd1 Qe7 20. Qe5 Rfd8 21.
Rd4 f6 22. Qh5 e5 23. Rxb4 Nd3 24. Rc4 Nb2 25. Ng3 Nxc4 26. bxc4 Qf7 27. Qh4 g5
28. Bxg5 fxg5 29. Qh3 Bc8 30. Qh6 Rd6 31. Qh5 Qxh5 32. Nxh5 Bg4 33. Ng3 Nxg3
0-1

[Event "Autumn Cup"]
[Site "Wellington Chess Club"]
[Date "2014.05.29"]
[Round "5"]
[White "Aldridge, Alan"]
[Black "Wilkins, Mark"]
[Result "1/2-1/2"]
[WhiteElo "1980"]
[BlackElo "1898"]

1. d4 Nf6 2. c4 e6 3. Nc3 Bb4 4. Qc2 O-O 5. Nf3 d5 6. Bg5 h6 7. Bxf6 Qxf6 8. e3
c5 9. a3 cxd4 10. axb4 dxc3 11. Qxc3 Qxc3+ 12. bxc3 dxc4 13. Bxc4 b6 14. O-O
Bb7 15. Ne5 Rc8 16. Ra3 Nc6 17. Nxc6 Rxc6 18. Be2 Rc7 19. h3 Bd5 20. Rc1 Bc4
21. Kf1 Kf8 22. Bxc4 1/2-1/2

[Event "Autumn Cup"]
[Site "Wellington Chess Club"]
[Date "2014.05.29"]
[Round "5"]
[White "Asplet, Mike"]
[Black "Anderson, Gordon"]
[Result "0-1"]
[WhiteElo "1358"]
[BlackElo "1615"]

1. e4 e6 {French} 2. d4 c5 {No -- Sicilian!} 3. Nf3 cxd4 4. Nxd4 Nc6 5. Nc3 a6
6. Be2 Bc5 {Now we are out of book}  (6... Qc7 7. O-O Nf6 8. Be3 {is the normal
continuation} ) 7. Nb3 {simply attacking the bishop and opening the file for my
queen releasing some central tension} 7... Ba7 8. Bf4 {Bd2 seemed too passive
and blocked the queen: I wasn't sure yet whether I preferred 0-0 or 0-0-0 and
so kept my castling options open}  ( {I didn't like} 8. Be3 Bxe3 9. fxe3) 8...
Bb8 $2 {Seems incredibly passive} 9. Bxb8 Rxb8 10. O-O Nf6 {I'm now already
looking at e5 options} 11. Qd2 (11. Qd6 Qe7 12. Qxe7+ (12. Rad1 Qxd6 13. Rxd6 {
was another line I looked at - but rejected as I felt I wanted to keep queens
on the board and cave Qd6 for a potentially more effective manouvre} ) 12...
Nxe7 {didn't seem to achieve much} ) 11... O-O 12. Rad1 b5 13. a3 {simply
defending against b4} 13... Bb7 14. Nc5 {spent along time looking at e5 or Qd6,
but couldn't see anything substantial}  (14. e5 Nxe5 15. Qd6 Nc6 {drops the
pawn} 16. Nc5 {though perhaps this is interesting?} 16... Bc8) 14... Bc8 {d7 is
a real pressure point now} 15. Rfe1 Qb6 16. b4 a5 17. Nxb5 {I spent almost 20
minutes on this move. I looked at a variety of lines, but chose Nxb5 as I
preferred the option to play Nd6.}  (17. bxa5 Nxa5 (17... Qxa5 {either of these
seem fine for black} ) )  (17. Bxb5 axb4 18. Bxc6 {doesnt seem to work} 18...
bxc3)  (17. Qd6 axb4 18. axb4 {was something else I looked at and perhaps could
have worked} )  (17. e5 Nxe5 {and then perhaps} 18. Nxb5 {but I was looking for
tricks on d7 and felt this just added another defender to d7.} ) 17... axb4 18.
axb4 d5 19. c3 { designed to strengthen b4 so I could move my queen elsewhere}
(19. e5 Nxe5 { didn't seem to acheive much} ) 19... Rd8 (19... dxe4 {surely
just wins the pawn? } ) 20. exd5 Nxd5 21. Nd4 g6 22. Nxc6 Qxc6 23. c4 Bb7 24.
cxd5 {Thinking I have won a knight for free!}  (24. Bf3 {was probably all I
needed to do to win it} 24... Nxb4) 24... Rxd5 25. Qb2 $4 {I did not even see
the mate threat on g2 that would be my undoing!}  (25. Bf3 Rxd2 26. Bxc6 Rxd1
27. Rxd1 Bxc6 {I looked at this but rejected it as I lose the material
advantage - perhaps though, it was my only saving grace...} ) 25... Rxd1 26.
Rxd1 Qxg2# 0-1

[Event "Autumn Cup"]
[Site "Wellington Chess Club"]
[Date "2014.05.29"]
[Round "5"]
[White "Bennett, Ezra"]
[Black "Aumeier, Beate"]
[Result "0-1"]
[WhiteElo "935"]
[BlackElo "1110"]

1. d4 d5 2. Bf4 Nc6 3. Nf3 e6 4. e3 Be7 5. Ne5 Nxe5 6. dxe5 Bg5 7. Bxg5 Qxg5 8.
f4 Qd8 9. Nc3 Ne7 10. e4 c6 11. Be2 Qa5 12. a3 dxe4 13. b4 Qb6 14. Nxe4 O-O 15.
Bd3 Nd5 16. Nc5 Nxf4 17. Be4 a5 18. O-O axb4 19. axb4 Rxa1 20. Qxa1 Qxb4 21.
Nd3 Ne2+ 22. Kh1 Qxe4 23. Qe1 f6 24. Rf2 fxe5 25. Rxe2 Qf5 26. Rf2 Qh5 27.
Rxf8+ Kxf8 28. Nxe5 c5 29. Qe3 Qd1+ 30. Qg1 Qxc2 31. Qf1+ Qf5 32. Nf3 b6 33.
Qb5 e5 34. Qxb6 e4 35. Qd6+ Kg8 36. Kg1 exf3 37. gxf3 Qg6+ 38. Qg3 Qxg3+ 39.
hxg3 c4 40. Kf2 g5 41. Ke2 Ba6 42. Kd2 Kf7 0-1

[Event "Autumn Cup"]
[Site "Wellington Chess Club"]
[Date "2014.05.29"]
[Round "5"]
[White "Brockway, Andrew"]
[Black "Cunningham, Patrick"]
[Result "1-0"]
[WhiteElo "1769"]
[BlackElo "1766"]

{ I have played the Ruy Lopez Exchange Variation in games with Pat a number of
times. I was actually expecting something else but was ok with going into
familiar territory. } 1. e4 e5 2. Nf3 Nc6 3. Bb5 a6 4. Bxc6 dxc6 5. O-O Bd6 6.
d4 { This is a book line up to here. } 6... Bg4 7. dxe5 Bxf3 8. Qxf3 { My book
gives this continuation and rates it ?!. The comment given is "White now has
his (sic) healthly majority advantage for free." } 8... Bxe5 9. Nc3 { While not
a disaster this was not great from me. A computer generated variation follows.
}  (9. Nd2 { +0.39/19 } 9... Qd6 10. h3 b5 11. Nb3 Nf6 12. Rd1 Qe6 13. Nc5 Qe7
14. Nd3 O-O 15. Bg5 Rae8 16. c3 h6) 9... Nf6 10. Bg5 O-O 11. Rad1 Qe7 12. Rfe1
Qb4 { Things have gone a bit wrong for me. My best continuation (as per the
game) seems to be to surrender my Knight for Pat's Bishop. } 13. Bxf6 Bxf6 14.
e5 Be7 15. b3 Rad8 16. Ne4 Rxd1 17. Rxd1 Rd8 18. Rxd8+ Bxd8 19. Qe2 Qa3 20. Qd2
Qe7 { I am a lot happier now as Pat's pieces are becoming passive. } 21. Ng3 g6
{ I was suprised by g6 as I thought it weakened the dark squares and allowed
my Knight to hop back to a good post. } 22. Ne4 Kg7 23. f4 c5 24. Qd5 b6 25. c4
b5 { Pat gives up a pawn and then allows all the pieces to be swapped into a
winning pawn ending for me. } 26. Qxc5 bxc4 27. Qxe7 Bxe7 28. bxc4 f6 29. exf6+
Bxf6 30. Nxf6 Kxf6 31. g4 Ke6 32. Kf2 Kd6 33. Ke3 Kc5 34. Kd3 a5 35. a3 a4 36.
f5 g5 37. Ke4 Kd6 38. Kd4 1-0

[Event "Autumn Cup"]
[Site "Wellington Chess Club"]
[Date "2014.05.29"]
[Round "5"]
[White "Croad, Nicolas"]
[Black "Van der Hoorn, Mark"]
[Result "1-0"]
[WhiteElo "2357"]
[BlackElo "2250"]

1. d4 Nf6 2. c4 g6 3. Nc3 Bg7 4. e4 d6 5. h3 O-O 6. Nf3 e5 7. d5 Nh5 8. Nh2 Nf4
9. g3 Nxh3 10. Nf3 Nxf2 11. Kxf2 f5 12. Kg1 f4 13. Bh3 Nd7 14. Be6+ Kh8 15. Qf1
Nf6 16. Bxc8 Rxc8 17. Qh3 fxg3 18. Bg5 c6 19. Qxh7+ Nxh7 20. Bxd8 Rxf3 21. Be7
Bf8 22. Bh4 Kg7 23. Rh3 Rf4 24. Rf1 Rc7 25. Bxg3 Ng5 26. Rh1 Rg4 27. Kg2 cxd5
28. Nxd5 Rxc4 29. Ne3 Rcxe4 30. Nxg4 Rxg4 31. Rc1 d5 32. Rc7+ Kg8 33. Rh4 Rxh4
34. Bxh4 Ne6 35. Rxb7 Bc5 36. b4 Bb6 37. a4 e4 38. Bg3 Be3 39. Re7 Ng5 40. Bf2
Bd2 41. b5 Bc3 42. Bxa7 d4 43. b6 1-0

[Event "Autumn Cup"]
[Site "Wellington Chess Club"]
[Date "2014.05.29"]
[Round "5"]
[White "Kay, Bruce"]
[Black "Farrington, Lawrence"]
[Result "0-1"]
[WhiteElo "1755"]
[BlackElo "1733"]

1. d4 d5 2. c4 Nc6 3. Nc3 dxc4 4. Nf3 e6 5. e4 Nf6 6. Bxc4 Bb4 7. Qc2 h6 8. h3
O-O 9. Be3 a6 10. a4 b6 11. O-O Bb7 12. Rfd1 Qe8 13. d5 exd5 14. exd5 Na5 15.
Ba2 Rd8 16. Re1 Qd7 17. Rad1 Qc8 18. Re2 Bxc3 19. bxc3 Bxd5 20. Bxd5 Rxd5 21.
Rxd5 Nxd5 22. Bc1 Re8 23. c4 Rxe2 24. Qxe2 Nf6 25. Bb2 Qe6 26. Qxe6 fxe6 27.
Ne5 Kf8 28. Kf1 c5 29. Ke2 Ke7 30. Kd3 Kd6 31. g3 Nc6 32. Nxc6 Kxc6 33. Be5 Ne8
34. h4 g6 35. g4 b5 36. cxb5+ axb5 37. axb5+ Kxb5 38. Kc3 Kc6 39. h5 gxh5 40.
gxh5 Nd6 41. Bg7 Nf5 42. Bf8 Kd5 43. f3 e5 44. Kd3 Ng3 45. Bxh6 Nxh5 46. Bf8
Nf4+ 47. Kc3 c4 48. Bg7 Nd3 49. Bf8 Ne1 0-1

[Event "Autumn Cup"]
[Site "Wellington Chess Club"]
[Date "2014.05.29"]
[Round "5"]
[White "Ker, Anthony"]
[Black "Dive, Russell"]
[Result "1-0"]
[WhiteElo "2420"]
[BlackElo "2451"]

1. e4 e5 2. Nf3 Nf6 {The Petroff is Russell's current weapon of choice against
e4} 3. Nxe5 d6 4. Nf3 Nxe4 5. Nc3 Nxc3 6. dxc3 Be7 7. Bf4 O-O 8. Qd2 Nd7 9.
O-O-O Nf6 (9... Nc5 {is normally, which delays white developing his bishop on
the natural square d3 } ) 10. Bd3 b6 {developing the bishop on b7 relinquishes
any control over f5, so may not be best} 11. Nd4 Bb7 12. Nf5 Re8 13. Nxe7+ Qxe7
14. Rhe1 Qd7 15. f3 Rxe1 16. Rxe1 Re8 17. Bg5 Re6 18. Bc4 d5 19. Bxf6 Rxe1+ 20.
Qxe1 dxc4 21. Qg3 g6 22. Be5 Qe7 (22... c5 23. Qg5 Bc6 24. Qf6 Kf8 25. Qh8+ Ke7
26. Qxh7 Qe6 27. Qg7 $14) 23. Bxc7 f6 (23... Qe3+ 24. Kd1 {white keeps his
pawn} ) 24. b3 Bd5 25. Kb2 Kg7 26. Bd6 Qd7 27. Ba3 h5 28. h4 $1 ( {better than}
28. Qb8 g5 29. Bf8+ Kg6) 28... Bf7 $6 {allows the next move} 29. Qb8 b5 $6 (
{better} 29... Be8 30. g4 Qf7) 30. Bf8+ Kh7 (30... Kg8 31. Be7+) 31. Qf4 Kg8
32. Bc5 Kg7 {black can't save the f6 pawn now} 33. Bd4 Qe7 34. g4 hxg4 35. fxg4
Qe6 36. g5 a5 37. gxf6+ Kf8 38. Bc5+ Kg8 39. Qh6 $1 {because of 39...Qxf6 40.
Qf8+ Kh7 41. Bd4! and black has to give up the queen} 1-0

[Event "Autumn Cup"]
[Site "Wellington Chess Club"]
[Date "2014.05.29"]
[Round "5"]
[White "Kierstead, James"]
[Black "Wight, Joshua"]
[Result "0-1"]
[WhiteElo "1177"]
[BlackElo "1267"]

1. e4 e5 2. Nf3 d6 3. Nc3 g6 4. Be2 Bg7 5. O-O Ne7 6. d3 O-O 7. Bd2 b6 8. Qc1
Bb7 9. Bh6 Nd7 10. Bxg7 Kxg7 11. Qd1 c6 12. d4 Qc7 13. b3 Rad8 14. Qc1 d5 15.
Qb2 f6 16. Bd3 Kg8 17. Ne2 f5 18. exf5 e4 19. fxg6 Nxg6 20. Ne5 exd3 21. Nxd3
Ba6 22. Rad1 Rfe8 23. Rfe1 c5 24. dxc5 bxc5 25. Ndc1 Nb6 26. g3 Qc6 27. c3 Re7
28. f4 Rde8 29. Rd2 Bb7 30. Nd3 d4 31. Nec1 Rxe1+ 32. Nxe1 Rxe1+ 33. Kf2 Re7
34. Re2 Qf3+ 35. Ke1 dxc3 36. Qc2 Be4 37. Rxe4 Rxe4+ 38. Qe2 Rxe2+ 39. Nxe2 Qe3
40. h4 c2 41. h5 c1=Q# 0-1

[Event "Autumn Cup"]
[Site "Wellington Chess Club"]
[Date "2014.05.29"]
[Round "5"]
[White "List, Robert"]
[Black "Roberts, Michael"]
[Result "1-0"]
[WhiteElo "1661"]
[BlackElo "1759"]

1. e4 e5 2. Bc4 Nf6 3. d3 Be7 4. Nc3 c6 5. Bg5 O-O 6. Nge2 d6 7. Ng3 h6 8. h4
d5 9. Bxf6 Bxf6 10. exd5 cxd5 11. Nxd5 Bxh4 12. Qh5 Bxg3 13. fxg3 b5 14. Bb3
Bb7 15. Ne3 Qg5 16. Qxg5 hxg5 17. O-O-O Nd7 18. Rh5 g6 19. Rxg5 Kg7 20. Rf1 Kh6
21. Rg4 f5 22. Rh4+ Kg7 23. Rfh1 Nf6 24. R4h2 Rh8 25. Rxh8 Rxh8 26. Rxh8 Kxh8
27. Be6 Kg7 28. c4 bxc4 29. Nxc4 Ng4 30. Kd2 Kf6 31. Bd7 Ke7 32. Ba4 Bxg2 33.
Bd1 Ke6 34. Bxg4 fxg4 35. Ke3 Kd5 36. Nd2 Kc5 37. Ne4+ Kd5 38. Nf6+ Ke6 39.
Nxg4 Bd5 40. a3 Kf5 41. Nf2 Bb3 42. Kd2 a5 43. Kc3 Bd5 44. b4 axb4+ 45. axb4
Bf3 46. Kc4 Ke6 47. Kc5 Kd7 48. b5 Ba8 49. b6 Bf3 50. Ne4 Be2 51. Nf2 Bf3 52.
Kb5 Bb7 53. Ne4 Bc6+ 54. Ka6 Ke6 55. b7 Bxb7+ 56. Kxb7 Kd5 57. Kc7 Kd4 58. Kd6
Ke3 1-0

[Event "Autumn Cup"]
[Site "Wellington Chess Club"]
[Date "2014.05.29"]
[Round "5"]
[White "MacDonald, John"]
[Black "Konakanchi, Karthik"]
[Result "0-1"]
[WhiteElo "1505"]
[BlackElo "1308"]

1. d4 d5 2. Bg5 Nc6 3. e3 Bf5 4. c3 h6 5. Bh4 Qd6 6. Nf3 O-O-O 7. Bd3 Be4 8.
Bxe4 dxe4 9. Nfd2 g5 10. Bg3 Qe6 11. Na3 a6 12. Qc2 Nf6 13. O-O-O Qxa2 14. Nxe4
Qa1+ 15. Nb1 Bg7 16. Nxf6 Bxf6 17. Qf5+ Kb8 18. Qc5 Qa5 19. Qxa5 Nxa5 20. Nd2
h5 21. h3 Bg7 22. b4 Nc6 23. Kc2 Rd5 24. c4 Rf5 25. e4 Nxd4+ 26. Kb1 Rf6 27. f3
Rb6 28. b5 axb5 29. c5 Rc6 30. Bf2 Rxc5 31. Nb3 Nxb3 32. Bxc5 Nxc5 33. Rd5 Na4
34. Rxg5 Bf6 35. Rf5 Rh6 36. Kc2 e6 37. Rxb5 Nc3 {Black went on to win} 0-1

[Event "Autumn Cup"]
[Site "Wellington Chess Club"]
[Date "2014.05.29"]
[Round "5"]
[White "Meravanage, Satwik"]
[Black "Facchini, Fabrizio"]
[Result "0-1"]
[WhiteElo "1316"]
[BlackElo "1288"]

1. e4 e6 2. d4 d5 3. e5 c5 4. c3 Nc6 5. Be3 Qb6 6. Nf3 Qxb2 7. Qb3 Qxb3 8. axb3
cxd4 9. Nxd4 Nxe5 10. Nb5 Kd7 11. Rxa7 Rxa7 12. Nxa7 Ne7 13. Bb5+ N5c6 14. Nxc8
Nxc8 15. Nd2 Nd6 16. Ba4 b5 17. Bxb5 Nxb5 18. c4 Nc3 19. Nf3 dxc4 20. bxc4 Bb4
21. Nd4 Nxd4 0-1

[Event "Autumn Cup"]
[Site "Wellington Chess Club"]
[Date "2014.05.29"]
[Round "5"]
[White "Nyberg, Michael"]
[Black "Perry, Roger"]
[Result "0-1"]
[WhiteElo "2030"]
[BlackElo "2074"]

1. d4 Nf6 2. Nf3 g6 3. Bf4 Bg7 4. g3 O-O 5. Bg2 d5 6. Nbd2 c5 7. c3 cxd4 8.
cxd4 Nc6 9. O-O Qb6 10. Nb3 Ne4 11. a4 a5 12. Rc1 Bg4 13. Ne5 Bxe2 14. Qxe2
Qxb3 15. Nxc6 bxc6 16. Bxe4 dxe4 17. Rxc6 Qxa4 18. Qxe4 Qxd4 19. Qxe7 Qxb2 20.
Rfc1 a4 21. R1c2 Qb3 22. Bd6 a3 23. Qd7 a2 24. Rxa2 Qxa2 25. Bxf8 Bxf8 26. Rc7
Qb1+ 27. Kg2 Qe4+ 28. Kh3 Qe6+ 29. Qxe6 fxe6 30. Kg4 Re8 31. f4 Re7 32. Rc8 Kf7
33. h4 h5+ 34. Kf3 Rb7 35. Kf2 Rb3 36. Rc7+ Kf6 37. Rc8 Be7 38. Kg2 Kf5 39. Kh3
Bd6 40. Rd8 Bb8 41. Rf8+ Ke4 42. Rf6 e5 {Carried on for a few more moves} 0-1

[Event "Autumn Cup"]
[Site "Wellington Chess Club"]
[Date "2014.05.29"]
[Round "5"]
[White "Rossiter, Philip"]
[Black "Tionko, Efrain"]
[Result "1-0"]
[WhiteElo "1831"]
[BlackElo "1891"]

1. g3 Nf6 2. c4 g6 3. Bg2 Bg7 4. Nc3 O-O 5. Nf3 d6 6. O-O Nc6 7. d4 a6 8. h3
Rb8 9. Be3 e5 10. d5 Ne7 11. Qd2 Nf5 12. Bg5 h6 13. Bxf6 Qxf6 14. Ne4 Qe7 15.
e3 Bd7 16. Rac1 c5 17. dxc6 Bxc6 18. Nc3 Rfd8 19. Rfd1 Qe6 20. Nd5 Ne7 21. Nh4
Bxd5 22. cxd5 Qf6 23. Nf3 g5 24. Rc7 h5 25. h4 gxh4 26. Nxh4 Ng6 27. Nxg6 Qxg6
28. Rdc1 Kh8 29. Qe2 e4 30. Re7 f5 31. Rcc7 Rg8 32. Re6 Qg5 33. f4 exf3 34.
Qxf3 Rbe8 35. Rf7 Rxe6 36. dxe6 Bf6 37. Kf2 h4 38. g4 Bxb2 39. Rxf5 Qe7 40. Qf4
Rc8 41. Qh6+ Qh7 42. Rf8+ Rxf8+ 43. Qxf8+ Qg8 44. e7 Bg7 45. Qxg8+ 1-0

[Event "Autumn Cup"]
[Site "Wellington Chess Club"]
[Date "2014.05.29"]
[Round "5"]
[White "Stoeveken, Peter"]
[Black "Frost, Paul"]
[Result "1-0"]
[WhiteElo "1886"]
[BlackElo "1814"]

1. d4 Nf6 2. Bg5 d5 3. Bxf6 gxf6 4. Nf3 Bf5 5. e3 Nd7 6. Bd3 Bg6 7. c3 c6 8.
Nh4 Qc7 9. Qc2 O-O-O 10. b4 e5 11. b5 c5 12. a4 cxd4 13. Bf5 Kb8 14. exd4 exd4
15. O-O dxc3 16. a5 d4 17. b6 axb6 18. axb6 Qxb6 19. Qa4 Kc7 20. Na3 Bxa3 21.
Rxa3 Nc5 22. Qc4 Qc6 23. Rfa1 Rd5 24. Nxg6 fxg6 25. Bg4 f5 26. Bd1 Rhd8 27. Rb1
Ne4 28. Qd3 Nd2 29. Rb4 Qc5 30. Rba4 Qb6 31. Bc2 Rb5 32. h3 Rb2 33. Ra5 Nb1 34.
R3a4 Nd2 35. Ra3 Rd6 36. Re5 Ne4 37. Qc4+ Qc6 38. Re7+ Rd7 39. Rxd7+ Kxd7 40.
Qxd4+ Kc7 41. Qg7+ Qd7 42. Qe5+ Qd6 43. Rxc3+ Kb8 44. Qe8+ Qd8 45. Qxd8+ 1-0